[Event "44th Chess Olympiad Open 2022"]
[Site "Chennai"]
[Date "2022.08.01"]
[Round "4.11"]
[White "Pechac, Jergus"]
[Black "Korobov, Anton"]
[Result "1-0"]
[WhiteElo "2594"]
[BlackElo "2692"]
[Annotator "TA"]
[PlyCount "65"]
[EventDate "2022.07.29"]
[EventType "team-tourn"]
[EventCountry "IND"]
[SourceTitle "playchess.com"]
[Source "ChessBase"]
[SourceQuality "1"]
[WhiteTeam "Slovakia"]
[BlackTeam "Ukraine"]
[WhiteTeamCountry "SVK"]
[BlackTeamCountry "UKR"]

1. d4 Nf6 2. c4 e6 3. Nf3 Bb4+ 4. Nc3 b6 5. e3 Bb7 6. Bd3 O-O 7. O-O c5 8. Re1
d5 9. cxd5 exd5 10. a3 Ba5 11. Bd2 c4 12. Bc2 Nbd7 13. Ne5 Re8 14. f4 a6 15. a4
Rc8 16. Rf1 Qe7 17. Be1 Ne4 18. Nxe4 dxe4 19. b4 Nxe5 20. bxa5 Nc6 21. axb6 a5
22. d5 Nb4 23. d6 Qd7 24. Bxb4 axb4 25. a5 b3 26. Bxb3 cxb3 27. a6 Bc6 28. Qxb3
Qxd6 29. Rfc1 Rcd8 30. b7 Qg6 31. Rxc6 Qxc6 32. a7 Rd3 33. Qb4 1-0

[Event "44th Chess Olympiad Open 2022"]
[Site "Chennai"]
[Date "2022.08.01"]
[Round "4.11"]
[White "Druska, Juraj"]
[Black "Kuzubov, Yuriy"]
[Result "0-1"]
[WhiteElo "2519"]
[BlackElo "2642"]
[Annotator "TA"]
[PlyCount "126"]
[EventDate "2022.07.29"]
[EventType "team-tourn"]
[EventCountry "IND"]
[SourceTitle "playchess.com"]
[Source "ChessBase"]
[SourceQuality "1"]
[WhiteTeam "Slovakia"]
[BlackTeam "Ukraine"]
[WhiteTeamCountry "SVK"]
[BlackTeamCountry "UKR"]

1. e4 e5 2. Nf3 Nf6 3. d4 Nxe4 4. Bd3 d5 5. Nxe5 Nd7 6. Nc3 Nxe5 7. dxe5 Nxc3
8. bxc3 Bc5 9. O-O O-O 10. Qh5 g6 11. Qh6 Re8 12. Qf4 Bf8 13. Qg3 c5 14. Bb5
Bd7 15. Bg5 Be7 16. Bxd7 Qxd7 17. Bxe7 Qxe7 18. Rae1 Qe6 19. f4 Qf5 20. Qh4 d4
21. g4 Qd7 22. Rf3 dxc3 23. Rh3 f6 24. Rd3 Qf7 25. Red1 g5 26. fxg5 Rxe5 27.
gxf6 Rae8 28. Rxc3 h5 29. Rcd3 Qc4 30. Rf1 Kf7 31. h3 Rd5 32. Qg3 Rxd3 33. Qc7+
Ke6 34. Re1+ Kxf6 35. Rf1+ Kg6 36. cxd3 Qd4+ 37. Kh1 Qd5+ 38. Kg1 hxg4 39. Qf4
Qd4+ 40. Qxd4 cxd4 41. Rf4 gxh3 42. Rxd4 Re1+ 43. Kh2 Re2+ 44. Kxh3 Rxa2 45.
Kg4 Rf2 46. Rd7 Rf7 47. Rd8 b6 48. d4 Kf6 49. Rd6+ Ke7 50. Rh6 Kd7 51. d5 Kc7
52. Rc6+ Kb7 53. Rc1 a5 54. Kg5 Rd7 55. Rd1 Kc7 56. Rc1+ Kd6 57. Rc6+ Kxd5 58.
Rxb6 Ra7 59. Kf4 a4 60. Rb8 a3 61. Rd8+ Kc4 62. Rc8+ Kb3 63. Rb8+ Ka4 0-1

[Event "44th Chess Olympiad Open 2022"]
[Site "Chennai"]
[Date "2022.08.01"]
[Round "4.12"]
[White "Berkes, Ferenc"]
[Black "Albornoz Cabrera, Carlos Daniel"]
[Result "1/2-1/2"]
[WhiteElo "2649"]
[BlackElo "2566"]
[Annotator "TA"]
[PlyCount "65"]
[EventDate "2022.07.29"]
[EventType "team-tourn"]
[EventCountry "IND"]
[SourceTitle "playchess.com"]
[Source "ChessBase"]
[SourceQuality "1"]
[WhiteTeam "Hungary"]
[BlackTeam "Cuba"]
[WhiteTeamCountry "HUN"]
[BlackTeamCountry "CUB"]

1. d4 Nf6 2. c4 e6 3. Nc3 Bb4 4. e3 O-O 5. Bd3 d5 6. a3 Bxc3+ 7. bxc3 dxc4 8.
Bxc4 c5 9. Nf3 Qc7 10. Be2 b6 11. Bb2 Ba6 12. c4 Nbd7 13. Rc1 cxd4 14. exd4 Bb7
15. O-O Qf4 16. Qd2 Qxd2 17. Nxd2 Rac8 18. a4 Rfd8 19. a5 Nb8 20. Nb3 Ba6 21.
Rfd1 Ne8 22. Kf1 Nc6 23. axb6 axb6 24. Ra1 Nb8 25. Rac1 Nc6 26. f3 Ne7 27. Kf2
Nd6 28. Ba3 Nef5 29. Bxd6 Nxd6 30. c5 Bxe2 31. Kxe2 Nf5 32. cxb6 Rb8 33. d5
1/2-1/2

[Event "44th Chess Olympiad Open 2022"]
[Site "Chennai"]
[Date "2022.08.01"]
[Round "4.12"]
[White "Kantor, Gergely"]
[Black "Almeida Quintana, Omar"]
[Result "0-1"]
[WhiteElo "2582"]
[BlackElo "2523"]
[Annotator "TA"]
[PlyCount "66"]
[EventDate "2022.07.29"]
[EventType "team-tourn"]
[EventCountry "IND"]
[SourceTitle "playchess.com"]
[Source "ChessBase"]
[SourceQuality "1"]
[WhiteTeam "Hungary"]
[BlackTeam "Cuba"]
[WhiteTeamCountry "HUN"]
[BlackTeamCountry "CUB"]

1. d4 d6 2. e4 Nf6 3. Nc3 e5 4. Nf3 Nbd7 5. Rg1 g6 6. Be3 c6 7. g4 Qa5 8. Nd2
h6 9. Nc4 Qc7 10. a4 Nb6 11. f4 exf4 12. Bxf4 g5 13. Be3 d5 14. Qf3 Nxe4 15.
Nxe4 dxe4 16. Qxe4+ Be6 17. Nxb6 Qxb6 18. O-O-O O-O-O 19. Bg2 Bg7 20. h3 Qb4
21. b3 Bxb3 22. cxb3 Qc3+ 23. Kb1 Qxb3+ 24. Kc1 Qc3+ 25. Kb1 Rhe8 26. Qf5+ Kb8
27. Rd3 Qb4+ 28. Kc2 Qxa4+ 29. Kd2 Qa2+ 30. Ke1 Bxd4 31. Qf3 Qb1+ 32. Kd2 Bxe3+
33. Qxe3 Qb2+ 0-1

[Event "44th Chess Olympiad Open 2022"]
[Site "Chennai"]
[Date "2022.08.01"]
[Round "4.12"]
[White "Quesada Perez, Yasser"]
[Black "Erdos, Viktor"]
[Result "1-0"]
[WhiteElo "2568"]
[BlackElo "2586"]
[Annotator "TA"]
[PlyCount "89"]
[EventDate "2022.07.29"]
[EventType "team-tourn"]
[EventCountry "IND"]
[SourceTitle "playchess.com"]
[Source "ChessBase"]
[SourceQuality "1"]
[WhiteTeam "Cuba"]
[BlackTeam "Hungary"]
[WhiteTeamCountry "CUB"]
[BlackTeamCountry "HUN"]

1. e4 e5 2. Nf3 Nc6 3. Bc4 Nf6 4. d4 exd4 5. e5 d5 6. Bb5 Ne4 7. Nxd4 Bd7 8.
Bxc6 bxc6 9. O-O Be7 10. f3 Nc5 11. f4 O-O 12. f5 Ne4 13. Nc3 Bc5 14. Nxe4 dxe4
15. Kh1 Re8 16. e6 fxe6 17. f6 gxf6 18. Qg4+ Kh8 19. Qxe4 e5 20. Nxc6 f5 21.
Qd5 Bxc6 22. Qxc6 Qd6 23. Qxd6 cxd6 24. Rxf5 Rf8 25. g4 Rxf5 26. gxf5 Rf8 27.
Bd2 Rxf5 28. b4 Bb6 29. a4 e4 30. c4 Bd4 31. Re1 Rf2 32. Bg5 Be5 33. Rxe4 Rxh2+
34. Kg1 Ra2 35. c5 Rxa4 36. c6 Ra1+ 37. Kf2 Ra2+ 38. Re2 Ra3 39. Rc2 Rh3 40.
Rc1 d5 41. Bf6+ Bxf6 42. c7 Bh4+ 43. Ke2 Rh2+ 44. Kf3 Rf2+ 45. Kg4 1-0

[Event "44th Chess Olympiad Open 2022"]
[Site "Chennai"]
[Date "2022.08.01"]
[Round "4.12"]
[White "Ortiz Suarez, Isan Reynaldo"]
[Black "Banusz, Tamas"]
[Result "1/2-1/2"]
[WhiteElo "2526"]
[BlackElo "2611"]
[Annotator "TA"]
[PlyCount "105"]
[EventDate "2022.07.29"]
[EventType "team-tourn"]
[EventCountry "IND"]
[SourceTitle "playchess.com"]
[Source "ChessBase"]
[SourceQuality "1"]
[WhiteTeam "Cuba"]
[BlackTeam "Hungary"]
[WhiteTeamCountry "CUB"]
[BlackTeamCountry "HUN"]

1. Nf3 Nf6 2. d4 d5 3. c4 e6 4. Nc3 a6 5. cxd5 exd5 6. Bg5 Be6 7. e3 Nbd7 8.
Bd3 c6 9. Qc2 Bd6 10. Bh4 h6 11. Bg3 Qc7 12. O-O O-O 13. b4 Rfc8 14. Rfc1 Bxg3
15. hxg3 a5 16. Qb2 axb4 17. Qxb4 c5 18. dxc5 Qxc5 19. Qd4 Qxd4 20. Nxd4 Nc5
21. Bc2 Bd7 22. Rab1 Ne6 23. Nde2 Nc5 24. Rd1 Be6 25. f3 Ra3 26. Rbc1 b5 27.
Nxb5 Rxa2 28. Ned4 Bd7 29. Nd6 Rb8 30. Bb1 Rab2 31. Bf5 Nb3 32. Nxb3 Bxf5 33.
Nxf5 R2xb3 34. Rc7 Rb1 35. Rxb1 Rxb1+ 36. Kh2 Rb8 37. g4 Rd8 38. Kg3 Kf8 39.
Ra7 Ne8 40. Kf4 Nd6 41. Nxd6 Rxd6 42. Ke5 Rb6 43. Ra2 Rb3 44. Kd4 Ke7 45. f4
Ke6 46. Ra6+ Ke7 47. Ra7+ Ke6 48. Ra6+ Ke7 49. g3 Rb1 50. Ra7+ Kf8 51. Kxd5 Rg1
52. Ra8+ Ke7 53. Ra7+ 1/2-1/2

[Event "44th Chess Olympiad Open 2022"]
[Site "Chennai"]
[Date "2022.08.01"]
[Round "4.13"]
[White "Carlsen, Magnus"]
[Black "Batsuren, Dambasuren"]
[Result "1-0"]
[WhiteElo "2864"]
[BlackElo "2518"]
[Annotator "TA"]
[PlyCount "59"]
[EventDate "2022.07.29"]
[EventType "team-tourn"]
[EventCountry "IND"]
[SourceTitle "playchess.com"]
[Source "ChessBase"]
[SourceQuality "1"]
[WhiteTeam "Norway"]
[BlackTeam "Mongolia"]
[WhiteTeamCountry "NOR"]
[BlackTeamCountry "MGL"]

1. Nf3 Nf6 2. c4 e6 3. d4 d5 4. Nc3 Bb4 5. Bg5 h6 6. Bh4 O-O 7. e3 Nbd7 8. cxd5
exd5 9. Bd3 c6 10. O-O Bd6 11. Qc2 Re8 12. Rfe1 Be7 13. Bg3 Nf8 14. h3 b6 15.
e4 dxe4 16. Nxe4 Bb7 17. Ne5 Ne6 18. Nxf6+ Bxf6 19. Bh7+ Kf8 20. Rad1 Bxe5 21.
dxe5 Qe7 22. f4 c5 23. f5 Nd4 24. Qf2 Qd7 25. e6 Qc6 26. Be5 Rad8 27. Qg3 Ne2+
28. Rxe2 Rxd1+ 29. Kh2 Ke7 30. Bf6+ 1-0

[Event "44th Chess Olympiad Open 2022"]
[Site "Chennai"]
[Date "2022.08.01"]
[Round "4.13"]
[White "Hammer, Jon Ludvig"]
[Black "Bilguun, Sumiya"]
[Result "1/2-1/2"]
[WhiteElo "2638"]
[BlackElo "2463"]
[Annotator "TA"]
[PlyCount "76"]
[EventDate "2022.07.29"]
[EventType "team-tourn"]
[EventCountry "IND"]
[SourceTitle "playchess.com"]
[Source "ChessBase"]
[SourceQuality "1"]
[WhiteTeam "Norway"]
[BlackTeam "Mongolia"]
[WhiteTeamCountry "NOR"]
[BlackTeamCountry "MGL"]

1. e4 c5 2. Nf3 d6 3. d4 cxd4 4. Nxd4 Nf6 5. Nc3 a6 6. Be2 e5 7. Nb3 Be7 8. O-O
O-O 9. Qd3 b5 10. Bg5 Nbd7 11. a4 b4 12. Nd5 a5 13. Nxe7+ Qxe7 14. Qg3 Qe6 15.
Bh6 Ne8 16. Bg5 Nef6 17. Nd2 Ba6 18. Bxa6 Rxa6 19. Bxf6 Nxf6 20. Qd3 d5 21.
Rae1 Rd6 22. exd5 Rxd5 23. Qe2 Qc6 24. Nc4 e4 25. b3 Qc7 26. Rd1 Re8 27. Rxd5
Nxd5 28. Qh5 Qd8 29. g3 g6 30. Qd1 Qa8 31. Re1 Nc3 32. Qd2 Rd8 33. Qg5 Qd5 34.
Qf6 Re8 35. Nd6 Rf8 36. Nc4 Re8 37. Nd6 Rf8 38. Nc4 Re8 1/2-1/2

[Event "44th Chess Olympiad Open 2022"]
[Site "Chennai"]
[Date "2022.08.01"]
[Round "4.13"]
[White "Gundavaa, Bayarsaikhan"]
[Black "Tari, Aryan"]
[Result "1/2-1/2"]
[WhiteElo "2503"]
[BlackElo "2672"]
[Annotator "TA"]
[PlyCount "83"]
[EventDate "2022.07.29"]
[EventType "team-tourn"]
[EventCountry "IND"]
[SourceTitle "playchess.com"]
[Source "ChessBase"]
[SourceQuality "1"]
[WhiteTeam "Mongolia"]
[BlackTeam "Norway"]
[WhiteTeamCountry "MGL"]
[BlackTeamCountry "NOR"]

1. d4 Nf6 2. c4 e6 3. g3 d5 4. Nf3 dxc4 5. Bg2 Nbd7 6. O-O c6 7. a4 a5 8. Qc2
b5 9. axb5 cxb5 10. Ne5 Nd5 11. Nc3 Nxe5 12. dxe5 Qb6 13. Nxd5 exd5 14. Bxd5
Ra7 15. Qe4 Bc5 16. Bc6+ Bd7 17. Bxd7+ Rxd7 18. Qg4 Rg8 19. Bg5 h6 20. Rfd1
Bxf2+ 21. Kf1 Qe6 22. Qf3 hxg5 23. Rxd7 Qxd7 24. Kxf2 Qa7+ 25. Kf1 Ke7 26. Qf5
Qe3 27. Ra3 Qc1+ 28. Kf2 Rh8 29. h3 Qxb2 30. Qxg5+ Ke8 31. Rf3 Qd4+ 32. Kg2 Qd5
33. Qxg7 Rh5 34. e4 Qe6 35. g4 Rxe5 36. Rf6 Qe7 37. Ra6 Qc7 38. Ra8+ Ke7 39.
Qf8+ Kf6 40. Qh6+ Ke7 41. Qf8+ Kf6 42. Qh6+ 1/2-1/2

[Event "44th Chess Olympiad Open 2022"]
[Site "Chennai"]
[Date "2022.08.01"]
[Round "4.13"]
[White "Gan-Erdene, Sugar"]
[Black "Urkedal, Frode Olav Olsen"]
[Result "1-0"]
[WhiteElo "2428"]
[BlackElo "2555"]
[Annotator "TA"]
[PlyCount "117"]
[EventDate "2022.07.29"]
[EventType "team-tourn"]
[EventCountry "IND"]
[SourceTitle "playchess.com"]
[Source "ChessBase"]
[SourceQuality "1"]
[WhiteTeam "Mongolia"]
[BlackTeam "Norway"]
[WhiteTeamCountry "MGL"]
[BlackTeamCountry "NOR"]

1. d4 Nf6 2. c4 e6 3. g3 d5 4. Nf3 Bb4+ 5. Bd2 Be7 6. Bg2 c6 7. Qc2 Nbd7 8. O-O
O-O 9. Bf4 a5 10. Nbd2 Nh5 11. Be3 f5 12. Nb3 Bd6 13. Nc1 b5 14. cxb5 cxb5 15.
Qc6 Nb6 16. Nd3 Qd7 17. Qxd7 Bxd7 18. Nfe5 Rfd8 19. b3 Ba3 20. Bc1 Bd6 21. Nc5
Bc8 22. Bd2 Re8 23. Rfc1 Nf6 24. Nc6 a4 25. Bf4 Bf8 26. e3 Nfd7 27. Bc7 b4 28.
Bxb6 Nxb6 29. Nxb4 Bd7 30. Bf1 axb3 31. axb3 Reb8 32. Nbd3 Bc8 33. Rxa8 Rxa8
34. Nf4 Kf7 35. Nfxe6 Bxe6 36. Nxe6 Kxe6 37. Rc6+ Bd6 38. Rxb6 Rb8 39. Rxb8
Bxb8 40. b4 Bd6 41. b5 Bc7 42. h4 g6 43. Bd3 h6 44. g4 h5 45. gxf5+ gxf5 46.
Kg2 Bd8 47. Kh3 Ba5 48. Be2 f4 49. exf4 Bb6 50. Bxh5 Bxd4 51. Kg3 Bb6 52. Be2
Kf6 53. Bd3 Bc7 54. Kg4 Bb6 55. f3 d4 56. h5 Bd8 57. h6 Bc7 58. f5 Bd8 59. Kf4
1-0

[Event "44th Chess Olympiad Open 2022"]
[Site "Chennai"]
[Date "2022.08.01"]
[Round "4.14"]
[White "Keymer, Vincent"]
[Black "Baburin, Alexander"]
[Result "1-0"]
[WhiteElo "2686"]
[BlackElo "2400"]
[Annotator "TA"]
[PlyCount "74"]
[EventDate "2022.07.29"]
[EventType "team-tourn"]
[EventCountry "IND"]
[SourceTitle "playchess.com"]
[Source "ChessBase"]
[SourceQuality "1"]
[WhiteTeam "Germany"]
[BlackTeam "Ireland"]
[WhiteTeamCountry "GER"]
[BlackTeamCountry "IRL"]

1. d4 d5 2. c4 dxc4 3. Nf3 Nf6 4. e3 e6 5. Bxc4 c5 6. O-O a6 7. Be2 Nbd7 8.
Nbd2 Be7 9. dxc5 Nxc5 10. Nc4 O-O 11. Qxd8 Rxd8 12. Bd2 Bd7 13. Ba5 Re8 14. Nb6
Rab8 15. Rfd1 Bc6 16. Rac1 Bd5 17. b4 Nce4 18. Ne5 Bxa2 19. f3 Nd6 20. e4 Nc8
21. Nbd7 Nxd7 22. Nxd7 Ra8 23. Ra1 Bb3 24. Rdb1 Bd8 25. Bxd8 Rxd8 26. Nc5 Rd2
27. Kf1 Ba2 28. Rc1 Nb6 29. Ke1 Rb2 30. Nd3 Rxe2+ 31. Kxe2 Bc4 32. Ke3 Bb5 33.
Nc5 Nc4+ 34. Kf2 b6 35. Nxa6 Rxa6 36. Rxa6 Bxa6 37. Ra1 h6 1-0

[Event "44th Chess Olympiad Open 2022"]
[Site "Chennai"]
[Date "2022.08.01"]
[Round "4.14"]
[White "Svane, Rasmus"]
[Black "Kanyamarala, Tarun"]
[Result "1/2-1/2"]
[WhiteElo "2649"]
[BlackElo "2379"]
[Annotator "TA"]
[PlyCount "88"]
[EventDate "2022.07.29"]
[EventType "team-tourn"]
[EventCountry "IND"]
[SourceTitle "playchess.com"]
[Source "ChessBase"]
[SourceQuality "1"]
[WhiteTeam "Germany"]
[BlackTeam "Ireland"]
[WhiteTeamCountry "GER"]
[BlackTeamCountry "IRL"]

1. Nf3 d5 2. g3 Nc6 3. d4 Bf5 4. Bg2 Nb4 5. Na3 e6 6. O-O Nf6 7. c3 Nc6 8. Qb3
a6 9. Bg5 Rb8 10. Nh4 Bg4 11. f3 Bh5 12. e4 Be7 13. Rae1 O-O 14. g4 h6 15. Bc1
Nd7 16. Nf5 exf5 17. gxh5 dxe4 18. fxe4 fxe4 19. Rxe4 Bg5 20. Bxg5 Qxg5 21.
Ref4 Nf6 22. Rf5 Qh4 23. Nc4 Ne7 24. R5f4 Qxh5 25. Ne5 Rbd8 26. Qxb7 Ned5 27.
Rf5 Qe2 28. R5f2 Qe3 29. Qxa6 c5 30. Nc4 Qg5 31. Rf5 Qh4 32. Qb7 cxd4 33. Bxd5
Nxd5 34. Rxd5 Qg4+ 35. Kf2 Qf4+ 36. Kg1 Qg4+ 37. Kf2 Rde8 38. Re5 dxc3 39. Qb5
Rb8 40. Qd5 cxb2 41. Rb1 Qf4+ 42. Kg2 Qg4+ 43. Kf2 Qf4+ 44. Kg2 Qg4+ 1/2-1/2

[Event "44th Chess Olympiad Open 2022"]
[Site "Chennai"]
[Date "2022.08.01"]
[Round "4.14"]
[White "Murphy, Conor E"]
[Black "Bluebaum, Matthias"]
[Result "1-0"]
[WhiteElo "2404"]
[BlackElo "2673"]
[Annotator "TA"]
[PlyCount "117"]
[EventDate "2022.07.29"]
[EventType "team-tourn"]
[EventCountry "IND"]
[SourceTitle "playchess.com"]
[Source "ChessBase"]
[SourceQuality "1"]
[WhiteTeam "Ireland"]
[BlackTeam "Germany"]
[WhiteTeamCountry "IRL"]
[BlackTeamCountry "GER"]

1. e4 c6 2. Nf3 d5 3. Nc3 dxe4 4. Nxe4 Nf6 5. Qe2 Nxe4 6. Qxe4 Nd7 7. Bc4 Nf6
8. Ne5 e6 9. Qe2 b5 10. Bd3 Qc7 11. a4 Bd6 12. Nxc6 b4 13. Nd4 a6 14. Nf5 Be5
15. Nxg7+ Kf8 16. Nh5 Nxh5 17. Qxh5 Bb7 18. Qh4 Bxg2 19. Rg1 Rg8 20. Bxh7 Bxh2
21. d4 Bxg1 22. Bh6+ Ke8 23. Bxg8 Qxc2 24. Qf6 Qf5 25. Bxf7+ Kd7 26. Qxf5 exf5
27. Bf4 Rf8 28. Ke2 Rxf7 29. Rxg1 Rg7 30. Ke3 Rg4 31. Rc1 Bc6 32. a5 Rh4 33.
Rc5 Rh1 34. d5 Bb5 35. Be5 Rh4 36. Rc7+ Kd8 37. f3 Rh1 38. d6 Rd1 39. Kf4 Rd3
40. Bf6+ Ke8 41. Be5 Bd7 42. Ra7 Bb5 43. Re7+ Kd8 44. Rg7 Ke8 45. Rg3 Bd7 46.
Rg8+ Kf7 47. Rg7+ Ke8 48. Kg5 Rxf3 49. Kf6 Bb5 50. Bd4 Kd8 51. Bb6+ Kc8 52.
Rc7+ Kb8 53. d7 Bxd7 54. Rxd7 Rb3 55. Rd2 Kb7 56. Rc2 Rf3 57. Ke5 f4 58. Kd5
Rd3+ 59. Kc4 1-0

[Event "44th Chess Olympiad Open 2022"]
[Site "Chennai"]
[Date "2022.08.01"]
[Round "4.14"]
[White "Heidenfeld, Mark"]
[Black "Kollars, Dmitrij"]
[Result "0-1"]
[WhiteElo "2355"]
[BlackElo "2648"]
[Annotator "TA"]
[PlyCount "76"]
[EventDate "2022.07.29"]
[EventType "team-tourn"]
[EventCountry "IND"]
[SourceTitle "playchess.com"]
[Source "ChessBase"]
[SourceQuality "1"]
[WhiteTeam "Ireland"]
[BlackTeam "Germany"]
[WhiteTeamCountry "IRL"]
[BlackTeamCountry "GER"]

1. e4 e5 2. Nf3 Nc6 3. Bb5 a6 4. Bxc6 dxc6 5. O-O Qd6 6. d3 Ne7 7. Nbd2 f6 8.
Nc4 Qe6 9. Qe2 c5 10. c3 Nc6 11. a3 a5 12. a4 b6 13. Nh4 Qg4 14. Qxg4 Bxg4 15.
f3 Be6 16. Be3 O-O-O 17. Rfd1 Rd7 18. g3 Be7 19. Rd2 g6 20. Ng2 f5 21. Ne1 Rf8
22. exf5 gxf5 23. Re2 Bf6 24. Nd2 h5 25. f4 Bd5 26. Nef3 exf4 27. Bxf4 Bf7 28.
Re3 Rfd8 29. Ne1 Ne7 30. Nc4 Ng6 31. Ne5 Bxe5 32. Bxe5 Re8 33. Bf4 Nxf4 34.
Rxe8+ Bxe8 35. gxf4 Rg7+ 36. Kf2 Rg4 37. Ng2 Bc6 38. Ne3 Rxf4+ 0-1

[Event "44th Chess Olympiad Open 2022"]
[Site "Chennai"]
[Date "2022.08.01"]
[Round "4.15"]
[White "Brkic, Ante"]
[Black "Nielsen, Hogni Egilstoft"]
[Result "1-0"]
[WhiteElo "2611"]
[BlackElo "2414"]
[Annotator "TA"]
[PlyCount "65"]
[EventDate "2022.07.29"]
[EventType "team-tourn"]
[EventCountry "IND"]
[SourceTitle "playchess.com"]
[Source "ChessBase"]
[SourceQuality "1"]
[WhiteTeam "Croatia"]
[BlackTeam "Faroe Islands"]
[WhiteTeamCountry "CRO"]
[BlackTeamCountry "FAI"]

1. e4 e5 2. Nf3 Nc6 3. Bb5 Nf6 4. O-O Nxe4 5. Re1 Nd6 6. Nxe5 Be7 7. Bf1 Nxe5
8. Rxe5 O-O 9. d4 Bf6 10. Re1 Re8 11. Nc3 Rxe1 12. Qxe1 Ne8 13. Nd5 d6 14.
Nxf6+ Nxf6 15. Bd3 h6 16. f3 Be6 17. Qh4 c6 18. Bd2 Nd5 19. Qxd8+ Rxd8 20. a4
Ne7 21. c4 Bf5 22. Bf1 Bc2 23. a5 Nf5 24. Rc1 Ba4 25. Bc3 c5 26. d5 Ne3 27. Bd3
Nd1 28. Bd2 Nxb2 29. Bf1 b6 30. Rb1 Nxc4 31. Bxc4 b5 32. Bxb5 Rb8 33. Bd3 1-0

[Event "44th Chess Olympiad Open 2022"]
[Site "Chennai"]
[Date "2022.08.01"]
[Round "4.15"]
[White "Bosiocic, Marin"]
[Black "Apol, Luitjen Akselsson"]
[Result "1-0"]
[WhiteElo "2549"]
[BlackElo "2289"]
[Annotator "TA"]
[PlyCount "65"]
[EventDate "2022.07.29"]
[EventType "team-tourn"]
[EventCountry "IND"]
[SourceTitle "playchess.com"]
[Source "ChessBase"]
[SourceQuality "1"]
[WhiteTeam "Croatia"]
[BlackTeam "Faroe Islands"]
[WhiteTeamCountry "CRO"]
[BlackTeamCountry "FAI"]

1. Nf3 Nf6 2. c4 g6 3. b3 Bg7 4. Bb2 O-O 5. g3 d6 6. Bg2 e5 7. O-O Re8 8. d3 c6
9. Qc2 Bf5 10. h3 Nbd7 11. e4 Be6 12. Nc3 Nf8 13. Rad1 Qc7 14. d4 Rad8 15. Rd2
a6 16. Rfd1 Nh5 17. a4 b5 18. axb5 cxb5 19. dxe5 dxe5 20. Nd5 Bxd5 21. cxd5 Qd6
22. Ra1 Rc8 23. Qd3 Nd7 24. Rc2 Bh6 25. h4 Qb6 26. Rxc8 Rxc8 27. Nxe5 Nc5 28.
Qf3 Rf8 29. Nc6 Re8 30. Bd4 Bg7 31. e5 f6 32. Rc1 Bf8 33. exf6 1-0

[Event "44th Chess Olympiad Open 2022"]
[Site "Chennai"]
[Date "2022.08.01"]
[Round "4.15"]
[White "Ziska, Helgi Dam"]
[Black "Saric, Ivan"]
[Result "1/2-1/2"]
[WhiteElo "2549"]
[BlackElo "2680"]
[Annotator "TA"]
[PlyCount "110"]
[EventDate "2022.07.29"]
[EventType "team-tourn"]
[EventCountry "IND"]
[SourceTitle "playchess.com"]
[Source "ChessBase"]
[SourceQuality "1"]
[WhiteTeam "Faroe Islands"]
[BlackTeam "Croatia"]
[WhiteTeamCountry "FAI"]
[BlackTeamCountry "CRO"]

1. e4 c5 2. Nf3 d6 3. Bb5+ Bd7 4. Bxd7+ Nxd7 5. O-O Ngf6 6. Qe2 e6 7. c4 Ne5 8.
Rd1 Be7 9. Nc3 Rc8 10. b3 Qa5 11. Bb2 Nxf3+ 12. Qxf3 e5 13. Qh3 Qd8 14. f4 Qd7
15. Qxd7+ Nxd7 16. Nd5 Bd8 17. Rf1 O-O 18. d3 Re8 19. Rf3 a6 20. Raf1 f6 21. g4
exf4 22. Nxf4 b5 23. Bc3 Ne5 24. Rg3 Rb8 25. h4 a5 26. Nd5 bxc4 27. bxc4 a4 28.
Rc1 Nc6 29. Kf1 Rb7 30. Rg2 a3 31. Ke2 Be7 32. Rgg1 Reb8 33. g5 fxg5 34. Nxe7+
Rxe7 35. Rxg5 Nb4 36. Rb1 h6 37. Rg6 Rb6 38. Kd2 Rf7 39. Ke2 Nxd3 40. Rxg7+
Rxg7 41. Rxb6 Rg3 42. Rxd6 Nc1+ 43. Kd2 Nxa2 44. Be5 Rg2+ 45. Ke3 Nb4 46. Rxh6
a2 47. Rh8+ Kf7 48. Ra8 Rg1 49. Kf3 Rf1+ 50. Kg4 Nd3 51. Bh8 Nb4 52. h5 Rg1+
53. Kf5 Rf1+ 54. Kg5 Rg1+ 55. Kf5 Rf1+ 1/2-1/2

[Event "44th Chess Olympiad Open 2022"]
[Site "Chennai"]
[Date "2022.08.01"]
[Round "4.15"]
[White "Rodgaard, John"]
[Black "Kozul, Zdenko"]
[Result "0-1"]
[WhiteElo "2324"]
[BlackElo "2602"]
[Annotator "TA"]
[PlyCount "100"]
[EventDate "2022.07.29"]
[EventType "team-tourn"]
[EventCountry "IND"]
[SourceTitle "playchess.com"]
[Source "ChessBase"]
[SourceQuality "1"]
[WhiteTeam "Faroe Islands"]
[BlackTeam "Croatia"]
[WhiteTeamCountry "FAI"]
[BlackTeamCountry "CRO"]

1. c4 g6 2. d4 Bg7 3. e4 d6 4. Nc3 Nf6 5. Nf3 O-O 6. Be2 e5 7. O-O Na6 8. Be3
c6 9. dxe5 dxe5 10. Qxd8 Rxd8 11. Rad1 Re8 12. Ne1 Nd7 13. Nd3 Nf8 14. Rd2 Ne6
15. Bg4 h5 16. Bxe6 Bxe6 17. b3 f5 18. f3 f4 19. Bf2 g5 20. Nc5 Nxc5 21. Bxc5
g4 22. Rfd1 Bf6 23. Ne2 Kf7 24. Kh1 Rg8 25. Nc1 gxf3 26. gxf3 Bh3 27. Nd3 b6
28. Bd6 Rg5 29. Rg1 Rxg1+ 30. Kxg1 Ke6 31. c5 Rg8+ 32. Kh1 Rg7 33. b4 Bf1 34.
Ne1 b5 35. Nd3 h4 36. Ne1 h3 37. Rf2 Bc4 38. Rd2 Bh4 39. Nd3 Rg2 40. Nxf4+ exf4
41. Rxg2 hxg2+ 42. Kxg2 Bxa2 43. Bxf4 Be1 44. Bd6 Bxb4 45. f4 a5 46. Kf3 Bc3
47. Kg4 b4 48. Kg5 b3 49. f5+ Kf7 50. e5 b2 0-1

[Event "44th Chess Olympiad Open 2022"]
[Site "Chennai"]
[Date "2022.08.01"]
[Round "4.16"]
[White "Hracek, Zbynek"]
[Black "Risteski, Emil"]
[Result "1-0"]
[WhiteElo "2555"]
[BlackElo "2405"]
[Annotator "TA"]
[PlyCount "111"]
[EventDate "2022.07.29"]
[EventType "team-tourn"]
[EventCountry "IND"]
[SourceTitle "playchess.com"]
[Source "ChessBase"]
[SourceQuality "1"]
[WhiteTeam "Czech Republic"]
[BlackTeam "Macedonia"]
[WhiteTeamCountry "CZE"]
[BlackTeamCountry "MKD"]

1. d4 Nf6 2. c4 g6 3. g3 Bg7 4. Bg2 c5 5. dxc5 Qa5+ 6. Nc3 Qxc5 7. Qa4 O-O 8.
Be3 Qf5 9. Nf3 d6 10. Nd4 Qd7 11. h3 a6 12. Qxd7 Nbxd7 13. Rc1 Rb8 14. O-O Ne5
15. Nd5 Nxd5 16. cxd5 Nd7 17. Rc7 Re8 18. Rfc1 Nb6 19. b3 Na8 20. R7c4 Bd7 21.
a4 Rec8 22. a5 Rxc4 23. bxc4 Rc8 24. Rb1 Rc7 25. g4 Kf8 26. Rb4 Ke8 27. Be4 Kd8
28. Bd3 Kc8 29. Rb1 Bxd4 30. Bxd4 e5 31. dxe6 Bxe6 32. Rb4 f5 33. f3 Rf7 34.
Kg2 Bd7 35. c5 d5 36. e3 Nc7 37. Rb6 Bc6 38. gxf5 gxf5 39. f4 Nb5 40. Kg3 Nxd4
41. exd4 Rf6 42. Kh4 Rh6+ 43. Kg5 Rg6+ 44. Kh4 Rh6+ 45. Kg3 Rg6+ 46. Kf2 Rf6
47. Rb1 Bd7 48. Rg1 Rg6 49. Rxg6 hxg6 50. Kg3 Kd8 51. Kh4 Ke7 52. Kg5 Kf7 53.
h4 Kg7 54. Be2 Be8 55. h5 gxh5 56. Bxh5 1-0